Uma alma de mulher (Record no. 46129)
[ view plain ]
| 000 -Etiqueta do registo | |
|---|---|
| Valores | 00430cam a2200181 04500 |
| 100 ## - Dados gerais de processamento | |
| Dados gerais | 19950403d19 m y0pory5003 ba |
| 101 0# - Língua de publicação | |
| Língua | por |
| 102 ## - País de publicação | |
| País | PT |
| 200 1# - Titulo e menção de responsabilidade | |
| Título próprio | Uma alma de mulher |
| Informação de outro título | romance |
| Primeira menção de responsabilidade | Arminda Fortes |
| 210 #9 - Publicação | |
| Local de publicação | Porto |
| Nome do editor | Porto editora |
| Data de publicação | [1975] |
| 215 ## - Descrição física | |
| Paginação / Volumes | 179 p. |
| Dimensões | 19 cm |
| 225 2# - Colecção | |
| Título próprio da colecção | Portuguesa |
| Indicação de volume | 12 |
| 675 ## - CDU | |
| Notação | 82-93 |
| 700 #1 - Autor principal | |
| Apelido | Fortes, |
| Nome | Arminda |
| 801 #0 - Fonte de origem | |
| País | PT |
| Agência | BN |
| Regras de catalogação | RPC |
| 990 ## - Elementos KOHA | |
| Tipo de documento | Livro |
| Aquisição | Empréstimo | Código de barras | Cota | Permissão de empréstimo | Tipo de documento |
|---|---|---|---|---|---|
| Biblioteca Escolar Doutor Hernâni Cidade | Biblioteca Escolar Doutor Hernâni Cidade | 83023 | 82-93 FOR LIT. INF. JUV. | Livro |